| Tag |
First Indicator |
Second Indicator |
Subfields |
| LEADER |
00000cam a2200000Ii 4500 |
| 001 |
in00003838121 |
| 005 |
20170926114009.0 |
| 008 |
160801t20172017nyua b 001 0 eng d |
| 010 |
|
|
|a 2016961241
|
| 020 |
|
|
|a 9781137270252
|q (hardback)
|
| 020 |
|
|
|a 113727025X
|q (hardback)
|
| 020 |
|
|
|z 9781137270269
|q (eBook)
|
| 035 |
|
|
|a (OCoLC)ocn954426009
|
| 040 |
|
|
|a YDXCP
|e rda
|c YDXCP
|d COO
|d GHS
|d YDX
|d BWK
|d UtOrBLW
|
| 043 |
|
|
|a a-tu---
|a e------
|
| 049 |
|
|
|a TXAM
|
| 050 |
|
4 |
|a DR434
|b .B37 2017
|
| 082 |
0 |
|
|a 200
|
| 100 |
1 |
|
|a Bardakçı, Mehmet Necmettin,
|d 1957-
|e author.
|0 http://id.loc.gov/authorities/names/no2006061777
|
| 245 |
1 |
0 |
|a Religious minorities in Turkey :
|b Alevi, Armenians, and Syriacs and the struggle to desecuritize religious freedom /
|c Mehmet Bardakci, Annette Freyberg-Inan, Christoph Giesel, Olaf Leisse.
|
| 264 |
|
1 |
|a New York :
|b Palgrave Macmillan,
|c [2017]
|
| 264 |
|
4 |
|c ©2017
|
| 300 |
|
|
|a xvi, 275 pages :
|b illustrations ;
|c 22 cm.
|
| 336 |
|
|
|a text
|b txt
|2 rdacontent
|
| 337 |
|
|
|a unmediated
|b n
|2 rdamedia
|
| 338 |
|
|
|a volume
|b nc
|2 rdacarrier
|
| 504 |
|
|
|a Includes bibliographical references and index.
|
| 505 |
0 |
|
|a Introduction -- European integration and minority rights -- Securitization and desecuritization of minority rights -- The Alevi, the AKP government and the Alevi initiative -- The ambivalent situation of Turkey's Armenians: between collective historial trauma and psychological repression, loyal citizenship and minority status, social integration and discrimination, assimilation and self-assertion -- Like a drop in the ocean: the last Syriacs in Turkey in a maelstrom of nationalism, islamism, assimilation, and diverging socio-political interest -- General and comparative analysis -- Conclusions -- Appendix A: Survey and interview questions -- Appendix B: Interviews with Alevi NGO leaders and experts -- Appendix C: Interviews with Armenian institutional representatives and activists -- Appendix D: Interviews with Syriac institutional representatives and activists -- Appendix E: Expert interviews.
|
| 520 |
|
|
|a This book considers the key issue of Turkey's treatment of minorities in relation to its complex paths of both European integration and domestic and international reorientation. The expectations of Turkey's EU and other international counterparts, as well as important domestic demands, have pushed Turkey to broaden the rights of religious and other minorities. More recently a turn towards autocratic government is rolling back some earlier achievements. This book shows how these broader processes affect the lives of three important religious groups in Turkey, the Alevi as a large Muslim community and the Christian communities of Armenians and Syriacs. Drawing on a wealth of original data and extensive fieldwork, the authors compare and explain improvements, setbacks and lingering concerns for Turkey's religious minorities and identify important challenges for Turkey's future democratic development and European path. The book will appeal to students and scholars in the fields of minority politics, contemporary Turkish politics, and religion and politics.
|
| 650 |
|
0 |
|a Religious minorities
|z Turkey.
|
| 650 |
|
0 |
|a Minorities
|x Civil rights
|z Turkey.
|
| 650 |
|
0 |
|a Freedom of religion
|z Turkey.
|
| 650 |
|
0 |
|a Religion and politics
|z Turkey.
|
| 650 |
|
0 |
|a Alevis
|z Turkey.
|
| 650 |
|
0 |
|a Armenians
|z Turkey.
|
| 650 |
|
0 |
|a Syriac Christians
|z Turkey.
|
| 651 |
|
0 |
|a Turkey
|x Politics and government
|y 1980-
|0 http://id.loc.gov/authorities/subjects/sh89005202
|
| 651 |
|
0 |
|a European Union countries
|x Relations
|z Turkey.
|
| 651 |
|
0 |
|a Turkey
|x Relations
|z European Union countries.
|
| 700 |
1 |
|
|a Freyberg-Inan, Annette,
|e author.
|0 http://id.loc.gov/authorities/names/n2002117230
|
| 700 |
1 |
|
|a Giesel, Christoph,
|e author.
|
| 700 |
1 |
|
|a Leisse, Olaf,
|e author.
|0 http://id.loc.gov/authorities/names/n98109142
|
| 945 |
|
|
|b 47327
|
| 947 |
|
|
|a A14850058679
|
| 948 |
|
|
|a cataloged
|b h
|c 2017/4/10
|d c
|e dmitchel
|f 2:50:40 pm
|
| 994 |
|
|
|a 92
|b TXA
|
| 999 |
f |
f |
|s 1cc39f76-7be2-3673-a9a4-641bf471f954
|i 85ba7f30-9d3b-35e2-9db0-721702358d36
|t 0
|
| 952 |
f |
f |
|p normal
|a Texas A&M University
|b College Station
|c Sterling C. Evans Library
|d Evans: Library Stacks
|t 0
|e DR434 .B37 2017
|h Library of Congress classification
|i unmediated -- volume
|m A14850058679
|
| 998 |
f |
f |
|a DR434 .B37 2017
|t 0
|l Evans: Library Stacks
|